| 000 | 01008nam a2200241 a 4500 | ||
|---|---|---|---|
| 001 | 83977 | ||
| 003 | BD-RjUL | ||
| 005 | 20240908102224.0 | ||
| 008 | 240908s2000 bg a|||| m||| 00| 0 eng d | ||
| 035 | _a(BD-RjUL)83977 | ||
| 040 |
_aBD-RjUL _beng _cBD-RjUL _dBD-RjUL |
||
| 041 | _aeng | ||
| 082 |
_223 _a641.1 _bAZH 2000 |
||
| 100 |
_aAzad, Tofail Md. Alamgir _913472 |
||
| 245 | 1 | 0 |
_aHealth and Nutritional Aspects of Jute Leaves and Their Effect in Preventing Micronutrients Deficiency Among the People of Bangladesh / _cBy Tofail Md. Alamgir Azad ; _6Supervisor : Md. Abdul Hossain Molla |
| 260 |
_aRajshahi : _bDepartment of Applied Chemistry, University of Rajshahi, _c2000 |
||
| 300 |
_axiv, 259 Leaves : _bill, ; _c29 cm. |
||
| 502 | _aThesis (Ph. D.) -- Department of Applied Chemistry, University of Rajshahi, 2000 | ||
| 504 | _aBibliography : Leaves [248]-259 | ||
| 650 |
_aFood and Drink _vNutritional Aspects _913473 |
||
| 700 |
_aMolla, Md. Abdul Hossain, Supervisor _913474 |
||
| 942 |
_2ddc _cTHE |
||
| 999 |
_c83977 _d83977 |
||